000 00304nam a2200133Ia 4500
008 200103s9999||||xx |||||||||||||| ||und||
040 _aIMU-MPC
082 _aColumn-30
100 _aWeld, LeRoy D.
245 2 _aA textbook of Heat
260 _bMacmillan, London
_c1948
300 _ax, 436
942 _cBK
999 _c7408
_d7408